Banner

Los principios jurídicos y el bloque de constitucionalidad / (Record no. 446)

MARC details
000 -LEADER
campo de control de longitud fija 01002nam a22003017a 4500
001 - NÚMERO DE CONTROL
campo de control 002002
003 - IDENTIFICADOR DE NÚMERO DE CONTROL
campo de control CoMeUDC002002
005 - FECHA Y HORA DE LA ÚLTIMA TRANSACCIÓN
campo de control 20181217173208.0
008 - DATOS DE LONGITUD FIJA--INFORMACIÓN GENERAL
campo de control de longitud fija 071009s2006 ck gr 00010dspa d
015 ## - NÚMERO DE BIBLIOGRAFÍA NACIONAL
Número de bibliografía nacional ck-2006-xxxx
020 ## - NÚMERO INTERNACIONAL ESTÁNDAR DEL LIBRO
Número Internacional Estándar del Libro 958977668X
040 ## - FUENTE DE CATALOGACIÓN
Centro catalogador/agencia de origen CO-BoBLA
Lengua de catalogación spa
Centro/agencia transcriptor CoMeUDC
041 0# - CÓDIGO DE IDIOMA
Código de lengua del texto/banda sonora o título independiente spa
082 04 - NÚMERO DE LA CLASIFICACIÓN DECIMAL DEWEY
Número de clasificación 342
Número de ítem E82p
Información de edición 2 ed.
100 ## - ENTRADA PRINCIPAL--NOMBRE DE PERSONA
Nombre de persona Estrada Vélez, Sergio Iván.
9 (RLIN) 832
245 14 - MENCIÓN DEL TÍTULO
Título Los principios jurídicos y el bloque de constitucionalidad /
Mención de responsabilidad, etc. Sergio Iván Estrada Vélez ; prólogo por Rodolfo Luis Vigo.
250 ## - MENCION DE EDICION
Mención de edición 2a. ed.
Resto de la mención de edición Editora Lorenza Correa Restrepo.
260 3# - PUBLICACIÓN, DISTRIBUCIÓN, ETC.
Lugar de publicación, distribución, etc. Medellín :
Nombre del editor, distribuidor, etc. Universidad Medellín,
Fecha de publicación, distribución, etc. 2006.
300 ## - DESCRIPCIÓN FÍSICA
Extensión 152 p. ;
Dimensiones 23 cm.
504 ## - NOTA DE BIBLIOGRAFÍA, ETC.
Nota de bibliografía, etc. Nota Incluye bibliografía.
650 ## - PUNTO DE ACCESO ADICIONAL DE MATERIA--TÉRMINO DE MATERIA
Término de materia o nombre geográfico como elemento de entrada Derecho constitucional.
650 10 - PUNTO DE ACCESO ADICIONAL DE MATERIA--TÉRMINO DE MATERIA
Término de materia o nombre geográfico como elemento de entrada Teoría del derecho.
9 (RLIN) 833
650 #0 - PUNTO DE ACCESO ADICIONAL DE MATERIA--TÉRMINO DE MATERIA
Término de materia o nombre geográfico como elemento de entrada Filosofía del derecho.
9 (RLIN) 834
700 12 - ENTRADA AGREGADA--NOMBRE PERSONAL
Nombre de persona Vigo, Rodolfo Luis,
Término indicativo de función/relación pról.
700 12 - ENTRADA AGREGADA--NOMBRE PERSONAL
Nombre de persona Correa Restrepo, Lorenza,
Término indicativo de función/relación ed.
942 ## - ELEMENTOS DE ENTRADA SECUNDARIOS (KOHA)
Fuente del sistema de clasificación o colocación Clasificación Decimal Dewey
Tipo de ítem Koha Libros
949 ## - PROCESAMIENTO DE INFORMACIÓN LOCAL (OCLC)
a c
b n
Holdings
Estatus retirado Estado de pérdida Fuente del sistema de clasificación o colocación Estado de daño No para préstamo Colección Biblioteca de origen Biblioteca actual Fecha de adquisición Fuente de adquisición Total de préstamos Signatura topográfica completa Código de barras Visto por última vez Fecha del último préstamo Copia número Precio de reemplazo Tipo de ítem Koha
    Clasificación Decimal Dewey     Colección general U DE COLOMBIA - Biblioteca U DE COLOMBIA - Biblioteca 17/12/2018 Compra 1 342 E82p 2 ED. 002002 01/09/2022 18/08/2022 1 17/12/2018 Libros


Biblioteca Académica Corporación Universitaria U DE COLOMBIA | Teléfono: +(57) (4) 2398080 ext. 1112 | E-mail: biblioteca@udecolombia.edu.co | Dirección: Calle 56 Nº 41 – 147 (Bolivia con Girardot)
Horario de atención: lunes a viernes 8:00 a.m. a 8:00 p.m. - sábados 8:00 a.m. a 4:00 p.m.
Implementado por Grupo EGS.

Powered by Koha